000 00624cab a2200181 4500
001 WB2446-33
008 090401t1988 xxu||||| |||| 00| 0 eng d
035 _a(Sirsi) u72138
041 _aeng
245 _aConditions by law
260 _c1988
350 _a0
490 _aPlanning (for the Natural and Built Environment)
_v(794) 11/11/88 p1
520 _aThe White paper Releasing enterprise also contains a proposal to extend permitted development rights into the commercial area, and proposes to review the use of planning conditions .
690 _aPLANNING LAW AND PRACTICE
942 _n0
948 _c04/03/1997
999 _c45529
_d45529